Library of the University of Algiers 3
Ibrahim Sultan Cheibout
شعار جامعة الجزائر 3
مكتبة جامعة الجزائر 3
إبراهيم سلطان شيبوط

الانفتاح الاقتصادي وآثاره الاجتماعية على الأسرة / (رقم التسجيلة. 42626)

تفاصيل مارك
000 -LEADER
fixed length control field 01226nam a2200217Ia 4500
003 - CONTROL NUMBER IDENTIFIER
control field Ost
005 - DATE AND TIME OF LATEST TRANSACTION
control field 20260507075050.0
008 - FIXED-LENGTH DATA ELEMENTS--GENERAL INFORMATION
fixed length control field 260507s9999||||xx |||||||||||||| ||und||
020 ## - INTERNATIONAL STANDARD BOOK NUMBER
International Standard Book Number 9773272176
040 ## - CATALOGING SOURCE
Transcribing agency fsecg
041 ## - LANGUAGE CODE
Language code of text/sound track or separate title ara
100 ## - MAIN ENTRY--PERSONAL NAME
Personal name سلامة، محمد علي
Relator term مؤلف
245 #0 - TITLE STATEMENT
Title الانفتاح الاقتصادي وآثاره الاجتماعية على الأسرة /
Statement of responsibility, etc. محمد علي سلامة
260 ## - PUBLICATION, DISTRIBUTION, ETC.
Place of publication, distribution, etc. الاسكندرية:
Name of publisher, distributor, etc. دار الوفاء لدنيا للطباعة والنشر,
Date of publication, distribution, etc. 2003
300 ## - PHYSICAL DESCRIPTION
Extent 368 صفحة؛
Other physical details إيضاحات ؛
Dimensions 24 سم
520 ## - SUMMARY, ETC.
Summary, etc. إطار الدراسة وإجراءاتها المنهجية-تاريخ الانفتاح الاقتصادي في مصر-الانفتاح الاقتصادي ظاهرة اجتماعية-أهداف الانفتاح الاقتصادي-الآثار الاجتماعية للآنفتاح الاقتصادي-الأسرة والانفتاح الاقتصادي نظرة تحليلية-الدراسات السابقة-نتائج الدراسة وتوصياتها
653 ## - INDEX TERM--UNCONTROLLED
Uncontrolled term الإقتصاد
653 ## - INDEX TERM--UNCONTROLLED
Uncontrolled term التنمية الإقتصادية
700 ## - ADDED ENTRY--PERSONAL NAME
Personal name الدسوقي، عاصم
Relator term مؤلف ثانوي
942 ## - ADDED ENTRY ELEMENTS (KOHA)
Koha item type كتب
المقتنيات
Withdrawn status Lost status Source of classification or shelving scheme Damaged status Not for loan Home library Current library Date acquired Serial enumeration / chronology Inventory number Total checkouts Full call number Barcode Date last seen Price effective from Koha item type
    Dewey Decimal Classification   NOT LOAN / إعارة داخلية مكتبة كلية العلوم الإقتصادية والعلوم التجارية وعلوم التسيير مكتبة كلية العلوم الإقتصادية والعلوم التجارية وعلوم التسيير 07/05/2026 الطابق الأرضي 487/1   أ/487ن1 487/1 07/05/2026 07/05/2026 كتب
    Dewey Decimal Classification   Available مكتبة كلية العلوم الإقتصادية والعلوم التجارية وعلوم التسيير مكتبة كلية العلوم الإقتصادية والعلوم التجارية وعلوم التسيير 07/05/2026 الطابق الأرضي 487/2   أ/487ن2 487/2 07/05/2026 07/05/2026 كتب
    Dewey Decimal Classification   Available مكتبة كلية العلوم الإقتصادية والعلوم التجارية وعلوم التسيير مكتبة كلية العلوم الإقتصادية والعلوم التجارية وعلوم التسيير 07/05/2026 الطابق الأرضي 487/3   أ/487ن3 487/3 07/05/2026 07/05/2026 كتب
    Dewey Decimal Classification   Available مكتبة كلية العلوم الإقتصادية والعلوم التجارية وعلوم التسيير مكتبة كلية العلوم الإقتصادية والعلوم التجارية وعلوم التسيير 07/05/2026 الطابق الثاني 487/4   أ/487ن4 487/4 07/05/2026 07/05/2026 كتب

موارد الويب المفتوحة


© University of Algiers 3 All Rights Reserved
|
Implemented by LECHELAH Riad